=LDR 00000nam 2200000 4500 =001 INLIS000000000047835 =005 20160218090821.0 =006 =007 =008 =020 ##$$a 978-979-031-155-6 =035 ##$$0010-021600000000224 =040 ##$$a NPBDMAT =082 ##$$a 574.07 =090 ##$$a 574.07 $b Sak s =100 ##$$a Saktiyono =245 ##$$a Seribu Pena Biologi SMA Kelas XI/ Saktiyono .-- cet.1--- =260 ##$$a Jakarta : $b Erlangga, $c 2006 =300 ##$$a 150 hlm : $b ilus $c 25 cm =500 ##$$a Bibliografi : hlm. 149 =650 ##$$a Biologi - Studi dan Pengajaran